01016nam a2200241 a 4500001001000000005001700010008004100027020001500068020001500083020001500098050002200113100002700135245015200162260003400314300004200348500012000390500003500510504005200545650002600597650006200623650006300685700002600748BRCA_135920190320203406.0920511s1992 caua---##b---l001-0#eng-# a0875871631 a087587164X a083480266X 4aNK4784b.G58 19921 aGluckman, Dale Carolyn10aWhen Art Became FashionbKosode in Edo-Period JapancDale Carolyn Gluckman, Sharon Sadako Takeda ; with contributions by Monica Bethe ... [et al.]. aNueva YorkbWeatherhillc1992 a351 p.bil. (algunas a color)c30 cm. aCatálogo de la exposición realizada en County Museum of Art (Los Angeles), 25 noviembre, 1992 - 7 febrero, 1993 aDonación Fundación Japón aIncluye referencias bibliográficas e índice14aKimonosvExposiciones14aIndumentaríaxHistoriayPeriodo Edo, 1600-1868zJapón14aDiseño textilxHistoriayPeriodo Edo, 1600-1868zJapón1 aTakeda, Sharon Sadako